Subnational Capitals Closest to New York City - Statistics

General Stats
  • This quiz has been taken 12 times
  • The average score is 25 of 36
Answer Stats
mi Capital % Correct
190 Boston
91%
444 Québec City
91%
343 Toronto
91%
665 Charlottetown
82%
476 Columbus
82%
595 Halifax
82%
154 Harrisburg
82%
100 Hartford
82%
806 Madison
82%
256 Montpelier
82%
155 Providence
82%
53 Trenton
82%
135 Albany
73%
178 Annapolis
73%
746 Atlanta
73%
328 Augusta
73%
437 Charleston
73%
603 Columbia
73%
214 Concord
73%
134 Dover
73%
605 Frankfort
73%
518 Fredericton
73%
644 Indianapolis
73%
561 Lansing
73%
891 Montgomery
73%
423 Raleigh
73%
976 Jefferson City
64%
759 Nashville
64%
286 Richmond
64%
826 Springfield
64%
914 Tallahassee
64%
204 Washington
55%
774 Hamilton
45%
981 Saint-Pierre
36%
977 Coopers Town
9%
995 Marsh Harbour
0%
No matching quizzes found
Score Distribution
Percent of People with Each Score
Percentile by Number Answered
Your Score History
You have not taken this quiz